Indagación filosófica sobre el origen de nuestras ideas acerca de lo sublime y de lo bello / (Record no. 13595)

MARC details
000 -LEADER
campo de control de longitud fija 01052nam a2200277 i 4500
001 - NÚMERO DE CONTROL
campo de control 13595
003 - IDENTIFICADOR DE NÚMERO DE CONTROL
campo de control ES-MaACL
005 - FECHA Y HORA DE LA ÚLTIMA TRANSACCIÓN
campo de control 20250910210339.0
007 - CAMPO FIJO DE DESCRIPCIÓN FÍSICA--INFORMACIÓN GENERAL
campo de control de longitud fija t|
008 - DATOS DE LONGITUD FIJA--INFORMACIÓN GENERAL
campo de control de longitud fija 971210s1985 sp |||| | spa j
020 ## - NÚMERO INTERNACIONAL ESTÁNDAR DEL LIBRO
Número Internacional Estándar del Libro 84-505-2401-6
080 ## - NÚMERO DE LA CLASIFICACIÓN DECIMAL UNIVERSAL
Número de la Clasificación Decimal Universal 111.852
100 0# - ENTRADA PRINCIPAL--NOMBRE DE PERSONA
Nombre de persona Burke, Edmund,
Fechas asociadas al nombre 1729-1797
9 (RLIN) 32698
245 10 - MENCIÓN DEL TÍTULO
Título Indagación filosófica sobre el origen de nuestras ideas acerca de lo sublime y de lo bello /
Mención de responsabilidad, etc. Edmund Edmund Burke ; traducido por don Juan de la Dehesa ; prólogo Valeriano Bozal.
260 ## - PUBLICACIÓN, DISTRIBUCIÓN, ETC.
Lugar de publicación, distribución, etc. Murcia :
Nombre del editor, distribuidor, etc. Colegio Oficial de Aparejadores y Arquitectos Técnicos,
Fecha de publicación, distribución, etc. 1985.
300 ## - DESCRIPCIÓN FÍSICA
Extensión 254 p. ;
Dimensiones 19 cm.
490 1# - MENCIÓN DE SERIE
Mención de serie Colección de arquitectura ;
Designación de volumen o secuencia 19
500 ## - NOTA GENERAL
Nota general Índice.
650 #7 - PUNTO DE ACCESO ADICIONAL DE MATERIA--TÉRMINO DE MATERIA
Término de materia o nombre geográfico como elemento de entrada Estética
Fuente del encabezamiento o término embne
9 (RLIN) 142387
700 1# - ENTRADA AGREGADA--NOMBRE PERSONAL
Nombre de persona Dehesa, Juan de la.
9 (RLIN) 43247
700 1# - ENTRADA AGREGADA--NOMBRE PERSONAL
Nombre de persona Bozal, Valeriano,
Fechas asociadas al nombre 1940-2023
9 (RLIN) 242225
710 2# - ENTRADA AGREGADA--NOMBRE DE ENTIDAD CORPORATIVA
Nombre de entidad corporativa o nombre de jurisdicción como elemento de entrada Colegio Oficial de Aparejadores y Arquitectos Técnicos de Murcia.
9 (RLIN) 2952
830 0# - PUNTO DE ACCESO ADICIONAL DE SERIE-TÍTULO UNIFORME
Título uniforme Colección de arquitectura
Designación de volumen o secuencia 19
9 (RLIN) 183329
852 ## - LOCALIZACIÓN
Ubicación ES-MaACL
Número de control de estantería L-20958
Holdings
Estatus retirado Estado de pérdida Estado de daño No para préstamo Biblioteca de origen Biblioteca actual Ubicación en estantería Fecha de adquisición Fuente de adquisición Total de préstamos Signatura topográfica completa Código de barras Visto por última vez Precio de reemplazo Tipo de ítem Koha
        Biblioteca del Ateneo de Madrid Biblioteca del Ateneo de Madrid Depósito 2 17/01/2008     L-20958 1013839 23/02/2023 23/02/2023 Libro impreso